[Breve descripción de rios de España, tomada de escritores clásicos] [ (Record no. 189632)

MARC details
000 -LEADER
campo de control de longitud fija 00612ntm a2200145 i 4500
001 - NÚMERO DE CONTROL
campo de control 189632
003 - IDENTIFICADOR DE NÚMERO DE CONTROL
campo de control ES-MaACL
005 - FECHA Y HORA DE LA ÚLTIMA TRANSACCIÓN
campo de control 20230906223522.0
008 - DATOS DE LONGITUD FIJA--INFORMACIÓN GENERAL
campo de control de longitud fija 190708d17001800sp |||| | spa d
245 01 - MENCIÓN DEL TÍTULO
Título [Breve descripción de rios de España, tomada de escritores clásicos] [
Medio Manuscrito].
260 ## - PUBLICACIÓN, DISTRIBUCIÓN, ETC.
Lugar de publicación, distribución, etc. [S.l. :
Nombre del editor, distribuidor, etc. s.n.,
Fecha de publicación, distribución, etc. 1700-1800]
300 ## - DESCRIPCIÓN FÍSICA
Extensión 1 h. ;
Dimensiones 21 cm.
650 #4 - PUNTO DE ACCESO ADICIONAL DE MATERIA--TÉRMINO DE MATERIA
Término de materia o nombre geográfico como elemento de entrada Ríos-
Subdivisión geográfica España.
9 (RLIN) 142267
852 ## - LOCALIZACIÓN
Ubicación ES-MaACL
Número de control de estantería B-8924(22)
Nota libre .- Legado de Federico de Botella y de Hornos
-- .- Encuadernado en un vol. facticio agrupado con el nombre en el lomo: España, geología, memorias y documentos varios 1 a 8
Holdings
Estatus retirado Estado de pérdida Estado de daño No para préstamo Colección Biblioteca de origen Biblioteca actual Ubicación en estantería Fecha de adquisición Fuente de adquisición Total de préstamos Signatura topográfica completa Código de barras Visto por última vez Precio de reemplazo Tipo de ítem Koha
        Manuscritos Biblioteca del Ateneo de Madrid Biblioteca del Ateneo de Madrid Sala Pardo Bazán 08/07/2019     B-8924(22) 1200999 23/02/2023 23/02/2023 Manuscrito